Kompetencie učiteľa v oblasti informačných technológií na Slovensku

Analýza problematiky vymedzenia kľúčových kompetencií, resp. nevyhnutných spôsobilostí učiteľov odborných ekonomických predmetov s dôrazom na informačné a komunikačné technológie. Prieskumy naviazané na projekt KEGA a ESF riešené na Katedre pedagogiky EU. Dotazníky. Kľúčové kompetencie učiteľov. Ana...

Celý popis

Uložené v:
Podrobná bibliografia
Hlavný autor: Šóš, Ivan, 1977-
Ďalší autori: Majerčíková, Eva
Médium: Kapitola
Jazyk:Slovak
Predmet:
Tagy: Pridať tag
Žiadne tagy, Buďte prvý, kto otaguje tento záznam!

MARC

LEADER 00000naa$a2200000$$$4500
001 0066336
005 20240502083158.8
041 0 |a slo 
044 |a CZ 
245 1 0 |a Kompetencie učiteľa v oblasti informačných technológií na Slovensku  |c Ivan Šóš, Eva Majerčíková 
520 |a Analýza problematiky vymedzenia kľúčových kompetencií, resp. nevyhnutných spôsobilostí učiteľov odborných ekonomických predmetov s dôrazom na informačné a komunikačné technológie. Prieskumy naviazané na projekt KEGA a ESF riešené na Katedre pedagogiky EU. Dotazníky. Kľúčové kompetencie učiteľov. Analýza dotazníkov. 
610 2 0 |a učitelia 
610 2 0 |a kompetencie 
610 2 0 |a technológie informačné 
610 2 0 |a technológie komunikačné 
610 2 0 |a dotazníky 
100 1 |a Šóš, Ivan, 1977- 
700 1 |a Majerčíková, Eva